| 000 | 00651nab#a2200229#c#4500 | ||
|---|---|---|---|
| 999 |
_c53631 _d53631 |
||
| 003 | IEF | ||
| 005 | 20191205101812.0 | ||
| 008 | 950704s1976 uuu|| #####0 b| |u | ||
| 040 |
_aIEF _cES-MaIEF |
||
| 100 | 1 |
_aEspina Montero, Alvaro _914658 |
|
| 245 |
_aNotas en torno al estudio _b "La Banca española en la Restauración" _c Álvaro Espina Montero |
||
| 260 | _c1976 | ||
| 500 | _aBibliografía | ||
| 650 | 4 |
_aHISTORIA ECONOMICA _945401 |
|
| 650 | 4 |
_aESPAÑA _941092 |
|
| 650 | 4 |
_aBANCA _932250 |
|
| 650 | 4 |
_aSIGLO XIX _948415 |
|
| 773 | 0 |
_tHacienda pública española _w34570 _g38, p. 255-263 |
|
| 942 | _2udc | ||
| 942 | _2udc | ||